11-Letter Vocabulary (Easy) Quiz Stats

Quiz Updated Jun 23, 2017

Challenge
Share
Tweet
Embed
Score 0/25 Timer 08:00
2 Plays Today
% Correct
accelerator
97.2%
anchorwoman
97.2%
thermometer
97.2%
airsickness
97.2%
babysitting
97.1%
schoolhouse
97.1%
agriculture
97%
wastebasket
97%
imagination
96.9%
launderette
96.9%
racquetball
96.9%
quarterback
96.9%
independent
96.8%
% Correct
screwdriver
96.5%
deactivated
96.5%
magnificent
96.4%
outnumbered
96.2%
overflowing
96.2%
paperweight
96.1%
outbreeding
95.6%
thoughtless
94.6%
fearfulness
92.7%
humiliating
92.5%
threatening
91.8%
hard-hearted
91.1%

You're not logged in!

Compare scores with friends on all Sporcle quizzes.
Sign Up with Email
OR
Log In

You Might Also Like...

Show Comments

Extras

Top Quizzes Today


Score Distribution

Your Account Isn't Verified!

In order to create a playlist on Sporcle, you need to verify the email address you used during registration. Go to your Sporcle Settings to finish the process.